[Event "Valoz Cup"]
[Site "Olomouc CZE"]
[Date "2001.08.04"]
[Round "4"]
[White "Livshits,G"]
[Black "Llaneza Vega,P"]
[Result "1-0"]
[WhiteElo "2272"]
[BlackElo "2198"]

1.e4 c5 2.Nc3 Nc6 3.Nge2 e6 4.d4 cxd4 5.Nxd4 Nf6 6.Ndb5 Bb4 7.a3 Bxc3+ 8.Nxc3 d5
9.exd5 exd5 10.Bd3 O-O 11.O-O d4 12.Ne2 Qd5 13.Nf4 Qd6 14.Nh5 Ng4 15.Bf4 Qc5
16.Ng3 Nge5 17.b4 Qb6 18.Bxe5 Nxe5 19.Bxh7+ Kxh7 20.Qh5+ Kg8 21.Qxe5 Be6
22.Rad1 Rad8 23.Rfe1 Rd5 24.Qe4 Rfd8 25.Rd3 a5 26.bxa5 Rxa5 27.Qh4 Rda8 28.Nh5 Qd8
29.Rxd4 Qxh4 30.Rxh4 Rxa3 31.Rb4 Ra1 32.Rbb1 Rxb1 33.Rxb1 Bf5 34.h3 Bxc2
35.Rxb7 Be4 36.Rb4 Bf5 37.Kh2 Ra3 38.Rb5 Bg6 39.Nf4 Be4 40.Rb4 Bc6 41.Rb8+ Kh7
42.Rf8 Ra7 43.h4 Bb5 44.Kg3 Bc4 45.Rc8 Ra3+ 46.f3 Ra4 47.Rc7 g6 48.Nh3 Bd5
49.Nf2 Kg7 50.Nd3 Kf6 51.Rd7 Be6 52.Rd6 Ke7 53.Rb6 Ra5 54.Nf4 Bf5 55.Kh2 Ra2
56.Nd5+ Kf8 57.Kg3 Ra5 58.Nf4 Ke7 59.h5 gxh5 60.Nxh5 Bg6 61.Nf4 Bf5 62.Kh4 Kf8
63.g4 Bd7 64.Nh5 Ke7 65.f4 Rb5 66.Ra6 Rc5 67.Ra7 Kd6 68.Nf6 Rc7 69.Rxc7 Kxc7
70.Nxd7 Kxd7 71.Kg5 Ke6 72.Kh6 Ke7 73.Kg7  1-0

[Event "Kochan Mem Open"]
[Site "Koszalin POL"]
[Date "2001.08.05"]
[Round "2"]
[White "Liwak,P"]
[Black "Ferenc,Ja"]
[Result "1-0"]
[WhiteElo "2298"]
[BlackElo "2155"]

1.e4 c5 2.Nf3 e6 3.Nc3 Nc6 4.d4 cxd4 5.Nxd4 a6 6.Be3 d6 7.Be2 Nf6 8.O-O Be7
9.f4 O-O 10.Kh1 Bd7 11.Qe1 b5 12.a3 Nxd4 13.Bxd4 Bc6 14.Qg3 Qd7 15.Bd3 g6
16.f5 e5 17.Be3 Nh5 18.Qh3 Qd8 19.g4 Nf4 20.Bxf4 exf4 21.Rxf4 Bg5 22.Rf2 d5
23.exd5 Bxd5+ 24.Nxd5 Qxd5+ 25.Qg2 Qd4 26.Raf1 Rae8 27.Qc6 Qxg4 28.fxg6 fxg6
29.Qd5+  1-0

[Event "It"]
[Site "Montreal CAN"]
[Date "2001.08.05"]
[Round "4"]
[White "Goldenberg,D"]
[Black "Mikanovic,G"]
[Result "0-1"]
[WhiteElo "2343"]
[BlackElo "2273"]

1.e4 c5 2.Nf3 e6 3.d4 cxd4 4.Nxd4 Nc6 5.Nc3 Qc7 6.g3 a6 7.Bg2 Nge7 8.Nb3 Ng6
9.O-O b5 10.Nd5 exd5 11.exd5 Nce5 12.d6 Qb8 13.f4 Nc4 14.Re1+ Kd8 15.Be3 Bb7
16.Na5 Bxg2 17.Nxc4 bxc4 18.Bc5 Qb5 19.Qd4 Qc6 20.Rad1 Bh3 21.Rd2 Kc8 22.b3 Kb7
23.a4 Rc8 24.b4 h5 25.Rf2 h4 26.g4 Bxg4 27.f5 Bxf5 28.Rxf5 h3 29.Rg5 Rh5
30.Rg3 Rxc5 31.bxc5 Qxc5 32.Rb1+ Kc6 33.Qxc5+ Kxc5 34.Rxh3 Bxd6 35.Rf3 Nf4
36.Kf2 g5 37.Rg1 f6 38.h3 Rh8 39.Rgg3 Be5 40.Kf1 d5  0-1

[Event "Magistral BCX"]
[Site "Brasilia BRA"]
[Date "2001.08.06"]
[Round "2"]
[White "Coelho,L"]
[Black "Caldeira,A"]
[Result "1-0"]
[WhiteElo "2223"]
[BlackElo "2318"]

1.e4 c5 2.Nf3 e6 3.Nc3 Nc6 4.d4 cxd4 5.Nxd4 d6 6.Be2 Nf6 7.O-O Be7 8.Be3 O-O
9.f4 Qc7 10.Kh1 a6 11.a4 Re8 12.Bf3 Rb8 13.g4 Nxd4 14.Bxd4 e5 15.fxe5 dxe5
16.Ba7 Ra8 17.g5 Rd8 18.Qe2 Ne8 19.Be3 Be6 20.Bg4 Bc5 21.Bxe6 fxe6 22.Qf2 Bb4
23.Bb6 Qe7 24.Bxd8 Rxd8 25.Rad1 Rc8 26.Rd3 Nd6 27.Qg3 Bc5 28.g6 hxg6 29.Qxg6 Rf8
30.Rxf8+ Kxf8 31.Rh3 Nf7 32.Ne2 Qd7 33.Rg3 Nd6 34.Qh7 Ne8 35.Rf3+ Ke7 36.Nc3 Qd2
37.Qh3 Qxc2 38.Qg2 Qc1+ 39.Rf1 Qh6 40.Qc2 b6 41.Qd3 a5 42.Nb5 Nf6 43.Na7 Qh4
44.Nc6+ Kf7 45.Nxe5+ Kg8 46.Nf3 Qf4 47.Qd8+ Kh7 48.e5 Qc4 49.Nd2 Qd5+ 50.Qxd5 Nxd5
51.Ne4 Be7 52.Nc3 Ne3 53.Re1 Nc4 54.Re2 Kg6 55.b3 Na3 56.Kg2 Kf5 57.Kf3 Bb4
58.Ne4 Kxe5 59.Ke3 b5 60.Kd3 bxa4 61.bxa4 Be7 62.Nc5+ Kd5 63.Nxe6 Bf6 64.Ra2 Nb1
65.Nf4+ Kc5 66.Rc2+ Kd6 67.Ne2 Kd5 68.Ra2 Be7 69.Kc2 Na3+ 70.Kb3 Nc4 71.Nf4+ Kd4
72.Ne6+ Kd3 73.Nf4+ Kd4 74.Rg2 Ne3 75.Rxg7 Bd6 76.Rd7 Nf5 77.h3 Ke4 78.Ng6 Kd5
79.Ra7 Bb4 80.h4 Nd4+ 81.Ka2  1-0

[Event "Kochan Mem Open"]
[Site "Koszalin POL"]
[Date "2001.08.06"]
[Round "3"]
[White "Moniszka,K"]
[Black "Vager,B"]
[Result "0-1"]
[WhiteElo "2104"]
[BlackElo "2263"]

1.e4 c5 2.Nf3 e6 3.Nc3 Nc6 4.d4 cxd4 5.Nxd4 Nf6 6.Ndb5 Bb4 7.Nd6+ Ke7 8.Nxc8+ Rxc8
9.Bd3 d5 10.O-O Bxc3 11.exd5 Be5 12.dxc6 bxc6 13.c3 Re8 14.Bg5 h6 15.Bh4 Kf8
16.Qe2 Qc7 17.Bg3 Bxg3 18.hxg3 e5 19.Rad1 e4 20.Bc2 Qa5 21.Bb3 Qg5 22.Qc4 Rc7
23.Rfe1 Qh5 24.Re3 Rce7 25.Rd4 c5 26.Rd1 Ng4 27.Ree1 Qh2+ 28.Kf1 Qh1+ 29.Ke2 Qxg2
30.Rf1 Qf3+ 31.Kd2 Nxf2 32.Qxc5 e3+  0-1

[Event "12th Sueder Summer"]
[Site "Recklinghausen GER"]
[Date "2001.08.06"]
[Round "3"]
[White "Ciornei,D"]
[Black "Mainka,R"]
[Result "1/2-1/2"]
[WhiteElo "2168"]
[BlackElo "2459"]

1.e4 c5 2.Nf3 Nc6 3.d4 cxd4 4.Nxd4 e6 5.Nc3 Qc7 6.Be2 Nf6 7.Be3 a6 8.O-O Be7
9.f4 d6 10.Bd3 O-O 11.Qf3 Bd7 12.Qg3 Nb4 13.Kh1 Rac8 14.Rae1 Nxd3 15.cxd3 b5
16.e5 Ne8 17.Ne4 Qd8 18.Rc1 Rxc1 19.Rxc1 b4 20.b3 Qa5 21.Rc2 Qd5 22.h3 dxe5
23.fxe5 f5 24.exf6 Nxf6 25.Nxf6+ Bxf6 26.Qf3 Be5 27.Qxd5 Rf1+ 28.Bg1 exd5
29.Nf3 Bc3 30.Kh2 Bf5 31.Re2 Bxd3 32.Re7 Bf6 33.Rd7 Be4 34.Bd4 Bxd4 35.Nxd4 Rf2
36.Kg3 Rxg2+ 37.Kf4 h6 38.h4 Kh7 39.Ne6 Bb1 40.h5 Kg8 41.Ke5 Rh2 42.Rd8+ Kf7
43.Rd7+ Kg8  1/2-1/2

[Event "ch-IRI"]
[Site "Tehran IRI"]
[Date "2001.08.06"]
[Round "9"]
[White "Rajabi Hezar,H"]
[Black "Ardeshi,M"]
[Result "0-1"]
[WhiteElo "2203"]
[BlackElo "2278"]

1.e4 c5 2.Nf3 Nc6 3.Nc3 e6 4.d4 cxd4 5.Nxd4 Qc7 6.Be2 a6 7.O-O Nf6 8.Be3 Bb4
9.Bf3 Ne5 10.Bf4 d6 11.Bxe5 dxe5 12.Nde2 O-O 13.a3 Bc5 14.Qd2 b5 15.g4 Rd8
16.Qg5 h6 17.Qc1 Nh7 18.Qe1 Nf8 19.Nc1 Bb7 20.Nd3 Bd4 21.a4 Qc4 22.axb5 axb5
23.Qd2 Rac8 24.Rfc1 f5 25.gxf5 exf5 26.Bg2 b4 27.Nd5 Bxd5 28.exd5 e4 29.c3 bxc3
30.bxc3 Bxc3 31.Ne5 Qxd5 32.Qxd5+ Rxd5 33.Ra3 Rdc5 34.Ng4 fxg4 35.Bxe4 Bb4
36.Rxc5 Bxc5 37.Ra5 g6 38.Rb5 Rc7 39.Kg2 Kg7 40.Ra5 Nd7 41.Kg3 Bd6+ 42.Kg2 Nf6
43.Bd3 Rc3 44.Ra7+ Bc7 45.Be2 Nd5 46.Bxg4 Nf4+  0-1

[Event "ch-IRI"]
[Site "Tehran IRI"]
[Date "2001.08.06"]
[Round "10"]
[White "Mallahi,A"]
[Black "Niknaddaf,A"]
[Result "0-1"]
[WhiteElo "2416"]
[BlackElo "2262"]

1.e4 c5 2.Nf3 e6 3.d4 cxd4 4.Nxd4 Nc6 5.Nc3 Qc7 6.Be3 a6 7.Bd3 Nf6 8.O-O h5
9.h3 b5 10.Nxc6 Qxc6 11.Bd4 Bb7 12.Re1 Be7 13.Qf3 Qc7 14.Rad1 Rc8 15.Qe2 Kf8
16.a3 Rh6 17.Be3 Rg6 18.f3 Qg3 19.Kf1 Qh2 20.Qf2 Rxc3 21.bxc3 Bxe4 22.Qg1 Bxd3+
23.cxd3 Qc7 24.c4 bxc4 25.Rc1 c3 26.Bd4 Nd5 27.a4 Bg5 28.Rc2 Bd2 29.Rd1 Kg8
30.Qf2 Qf4 31.Rdxd2 cxd2 32.Rxd2 e5 33.Ba7 Rc6 34.Rd1 Qxa4 35.Re1 d6 36.d4 Rc2
37.Qh4 Nf4 38.Qd8+ Kh7 39.Qxd6 Rxg2 40.Qc5 Qd7 41.Rxe5 Qxh3  0-1

[Event "Nordic Championships"]
[Site "Bergen NOR"]
[Date "2001.08.07"]
[Round "4"]
[White "Lauridsen,Jesper"]
[Black "Kogan,A"]
[Result "0-1"]
[WhiteElo "2223"]
[BlackElo "2517"]

1.e4 c5 2.Nf3 Nc6 3.d4 cxd4 4.Nxd4 e6 5.Nc3 Qc7 6.f4 a6 7.Nf3 b5 8.Bd3 Bc5
9.Qe2 Nd4 10.Nxd4 Bxd4 11.Bd2 Bb7 12.e5 f5 13.Nd1 Ne7 14.c3 Bb6 15.Be3 Nd5
16.Bxb6 Qxb6 17.Rf1 O-O 18.Qf2 Qc6 19.g3 d6 20.Ne3 dxe5 21.fxe5 Nxc3 22.bxc3 Qxc3+
23.Ke2 Qb2+ 24.Nc2 Rac8 25.Rac1 Be4 26.Qb6 Rc6 27.Qe3 Rc3 28.Rfd1 Rfc8 29.Qb6 R3c6
30.Qe3 Bxd3+ 31.Rxd3 Rxc2+ 32.Rxc2 Rxc2+ 33.Kf3 h6 34.h4 Rh2 35.Qg1 Qe2+  0-1

[Event "Magistral BCX"]
[Site "Brasilia BRA"]
[Date "2001.08.07"]
[Round "3"]
[White "Matsuura,E"]
[Black "Valle,A"]
[Result "1-0"]
[WhiteElo "2437"]
[BlackElo "2215"]

1.e4 c5 2.Nf3 e6 3.d4 cxd4 4.Nxd4 Nc6 5.Nc3 Qc7 6.Be2 a6 7.O-O Nf6 8.Be3 d6
9.f4 Be7 10.Qe1 O-O 11.Qg3 Bd7 12.Rad1 b5 13.e5 Ne8 14.Ne4 f6 15.exf6 Nxf6
16.Ng5 Nxd4 17.Bxd4 h6 18.Nf3 Be8 19.Nh4 Rc8 20.c3 d5 21.Ng6 Bxg6 22.Qxg6 Bc5
23.Bxc5 Qxc5+ 24.Kh1 Qe3 25.Bd3 Rce8 26.Rde1 Qa7 27.Rf3 Qc7 28.Re5 Qf7 29.Qg3 Qb7
30.Rfe3 Qb6 31.Qg6 d4 32.Rg3 Qc7 33.Qxh6 Re7 34.Rh5  1-0

[Event "Pricenet Cup"]
[Site "Olomouc CZE"]
[Date "2001.08.07"]
[Round "9"]
[White "Bjornsson,S"]
[Black "Sluka,R"]
[Result "1-0"]
[WhiteElo "2297"]
[BlackElo "2339"]

1.e4 c5 2.Nf3 Nc6 3.d4 cxd4 4.Nxd4 e6 5.Nc3 a6 6.Be3 Nge7 7.Nb3 b5 8.a4 b4
9.a5 d6 10.Na4 Bb7 11.Bb6 Qd7 12.Qd2 Nc8 13.Rd1 Qe7 14.Be3 Qc7 15.Nb6 Nxb6
16.Bxb6 Qc8 17.Be2 Be7 18.O-O Ne5 19.f4 Nc4 20.Qd4 Nxb6 21.Qxg7 Rf8 22.axb6 Qxc2
23.Nd4 Qxe4 24.Bf3 Qe3+ 25.Kh1 Bxf3 26.Rxf3 Qe4 27.f5 Kd7 28.f6 Qg6 29.Qxg6 fxg6
30.fxe7 Rxf3 31.gxf3 e5 32.Rc1 exd4 33.Rc7+ Ke8 34.b7 Rb8 35.Rc8+ Kxe7 36.Rxb8 d3
37.Re8+  1-0

[Event "8th Open"]
[Site "Nice FRA"]
[Date "2001.08.08"]
[Round "4"]
[White "Djalal,B"]
[Black "Delchev,A"]
[Result "0-1"]
[WhiteElo "2041"]
[BlackElo "2629"]

1.e4 c5 2.Nc3 Nc6 3.Nge2 e6 4.d4 cxd4 5.Nxd4 Qc7 6.g3 a6 7.Bg2 d6 8.O-O Bd7
9.a4 Nf6 10.Nde2 Be7 11.h3 Bc8 12.Be3 b6 13.f4 Bb7 14.f5 exf5 15.Nd5 Nxd5
16.exd5 Ne5 17.Rxf5 O-O 18.Rxe5 dxe5 19.d6 Bxd6 20.Bxb7 Qxb7 21.Qxd6 Qf3
22.Qd3 e4 23.Qd2 Rad8 24.Bd4 Rxd4 25.Nxd4 Qxg3+ 26.Qg2 Qe3+ 27.Qf2 Qxh3 28.Ra3 Qd7
29.Rg3 f5 30.c3 f4 31.Rg5 Rf6 32.Qc2 h6 33.Qb3+ Kh7 34.Qd5 Qxd5 35.Rxd5 g5
36.Re5 e3 37.Kg2 g4 38.Rf5 f3+ 39.Kf1 e2+ 40.Ke1 Kg6 41.Rxf6+ Kxf6 42.b4 h5  0-1

[Event "Mipap Cup"]
[Site "Olomouc CZE"]
[Date "2001.08.08"]
[Round "10"]
[White "Jedryczka,K"]
[Black "Tokmachev,M"]
[Result "1-0"]
[WhiteElo "2330"]
[BlackElo "2313"]

1.e4 c5 2.Nf3 e6 3.d4 cxd4 4.Nxd4 Nc6 5.Nc3 Qc7 6.Be3 a6 7.Bd3 Nf6 8.O-O d6
9.Qe2 Be7 10.f4 O-O 11.Kh1 Re8 12.Nf3 Nb4 13.e5 Nd7 14.Be4 d5 15.Bd3 Nxd3
16.cxd3 f6 17.Rac1 Qb8 18.exf6 Nxf6 19.Na4 a5 20.Nb6 Ra6 21.Bd4 Bd7 22.Ne5 Bb5
23.a4 Rxb6 24.Bxb6 Bxa4 25.Bxa5 Bb5 26.Bb6 Bd6 27.Bd4 Qd8 28.Qd2 Nh5 29.g4 Nf6
30.g5 Nd7 31.Rf3 Rf8 32.Rcf1 Rf5 33.Ng4 Bc6 34.Kg1 Qf8 35.Qf2 Nc5 36.Ne5 Bb5
37.g6 h6 38.Nf7 Bc7 39.Qe2 Be8 40.b4 Nb3 41.Nxh6+ gxh6 42.Qxe6+ Bf7 43.Qxf5 Nxd4
44.gxf7+ Qxf7 45.Rg3+ Kf8 46.Qc8+  1-0

[Event "8th Open"]
[Site "Nice FRA"]
[Date "2001.08.09"]
[Round "5"]
[White "Bucher,D"]
[Black "Komljenovic,D"]
[Result "0-1"]
[WhiteElo "2256"]
[BlackElo "2478"]

1.e4 c5 2.Nf3 Nc6 3.d4 cxd4 4.Nxd4 e6 5.Nc3 Qc7 6.Be2 a6 7.O-O Nf6 8.Kh1 d6
9.a4 Be7 10.Be3 O-O 11.f4 Bd7 12.Nb3 b6 13.g4 Bc8 14.g5 Nd7 15.Bf3 Bb7 16.Bg2 Rfe8
17.Qh5 Nb4 18.Rf2 Bf8 19.Raf1 g6 20.Qh3 Bg7 21.Bd4 f6 22.gxf6 Nxf6 23.Qh4 Qe7
24.Kg1 Nd7 25.Qh3 Rf8 26.Bxg7 Kxg7 27.Rd1 e5 28.Rfd2 Rf6 29.Qh4 Qf8 30.f5 Kh8
31.Kh1 Rc8 32.fxg6 Rxg6 33.Rf2 Qg7 34.Rdf1 Rh6 35.Qh3 Rxh3 36.Bxh3 Rf8 37.Rg1 Rxf2
38.Rxg7 Kxg7 39.Bxd7 Rxc2  0-1

[Event "7th Stage Russian Cup"]
[Site "Togliatty RUS"]
[Date "2001.08.09"]
[Round "2"]
[White "Piraev,P"]
[Black "Zakharstov,V"]
[Result "1/2-1/2"]
[WhiteElo "2404"]
[BlackElo "2496"]

1.e4 c5 2.Nc3 Nc6 3.Nge2 e6 4.d4 cxd4 5.Nxd4 Qc7 6.Be2 a6 7.O-O Nf6 8.Nxc6 bxc6
9.f4 d5 10.e5 Nd7 11.Qd3 Be7 12.Kh1 O-O 13.Qh3 f5 14.exf6 Nxf6 15.Qd3 Bd6
16.g3 e5 17.fxe5 Bxe5 18.Bf4 Bh3 19.Bxe5 Qxe5 20.Rf4 Rab8 21.Rb1 c5 22.Bf1 Be6
23.Bg2 d4 24.Ne4 Nxe4 25.Rxe4 Qd6 26.b3 Bf5 27.Qc4+ Kh8 28.Rf4 Be6 29.Rxf8+ Rxf8
30.Qe2 Bd5 31.Re1 h6 32.Bxd5 Qxd5+ 33.Kg1 a5 34.Qe4 Qf7 35.Qe2 Qd5 36.a4 Qf3
37.Qd2 Kh7 38.Rc1 Re8 39.Re1 Rf8 40.Rd1 Rf5 41.Re1 Rf6 42.Qd3+ Qxd3 43.cxd3 Rf3
44.Re5 Rxd3 45.Rxc5 Rxb3 46.Rxa5 Ra3  1/2-1/2

[Event "Stork YM"]
[Site "Hengelo NED"]
[Date "2001.08.10"]
[Round "7"]
[White "Efimenko,Z"]
[Black "Kritz,L"]
[Result "1/2-1/2"]
[WhiteElo "2495"]
[BlackElo "2423"]

1.e4 c5 2.Nf3 e6 3.Nc3 Nc6 4.d4 cxd4 5.Nxd4 Qc7 6.Be3 a6 7.Bd3 Nf6 8.O-O Nxd4
9.Bxd4 Bc5 10.Bxc5 Qxc5 11.Kh1 d6 12.f4 e5 13.Qe1 O-O 14.Qh4 exf4 15.Nd5 Nxd5
16.exd5 h6 17.Rad1 Bd7 18.Rxf4 Rae8 19.Rdf1 f5 20.Qh5 Re5 21.b4 Qe3 22.h3 Kh7
23.R1f3 Qe1+ 24.Rf1 Qe3 25.R1f3 Qe1+ 26.Rf1  1/2-1/2

[Event "It"]
[Site "Nikolaev UKR"]
[Date "2001.08.10"]
[Round "10"]
[White "Areshchenko,A"]
[Black "Savon,V"]
[Result "1-0"]
[WhiteElo "2462"]
[BlackElo "2449"]

1.e4 c5 2.Nf3 e6 3.d4 cxd4 4.Nxd4 Nc6 5.Nc3 Qc7 6.Be2 a6 7.O-O Nf6 8.Be3 Bb4
9.Na4 Be7 10.Nxc6 bxc6 11.Nb6 Rb8 12.Nxc8 Qxc8 13.e5 Nd5 14.Bc1 Bc5 15.c4 Ne7
16.b3 Ng6 17.Bb2 Qc7 18.Kh1 O-O 19.Bd3 Nxe5 20.Bxh7+ Kxh7 21.Qh5+ Kg8 22.Bxe5 d6
23.Bf6 gxf6 24.f4 Rfe8 25.Qh6 e5 26.Rf3 exf4 27.Rh3  1-0

[Event "12th Sueder Summer"]
[Site "Recklinghausen GER"]
[Date "2001.08.10"]
[Round "7"]
[White "Koscielski,J"]
[Black "Mainka,R"]
[Result "1/2-1/2"]
[WhiteElo "2335"]
[BlackElo "2459"]

1.e4 c5 2.Nf3 e6 3.d4 cxd4 4.Nxd4 Nc6 5.Nc3 Qc7 6.Nxc6 bxc6 7.Bd3 Nf6 8.O-O d6
9.Kh1 Be7 10.f4 e5 11.Qf3 exf4 12.Bxf4 O-O 13.Rae1 Ng4 14.Qg3 Qd8 15.Rd1 Bh4
16.Qf3 Bf6 17.Bc4 Be5 18.Bb3 Kh8 19.h3 Bxf4 20.Qxf4 Ne5 21.Qd2 Ba6 22.Rf2 Qh4
23.Qf4 Qe7 24.Rfd2 Rad8 25.Qf2 Bc8 26.Qg3 a5 27.Qe3 h6 28.Ne2 f5 29.exf5 Bxf5
30.Ng3 Bg6 31.Rf1 Rxf1+ 32.Nxf1 Kh7 33.Rf2 Re8 34.Kg1 Qh4 35.Qf4 Qe7 36.Kh2 Qa7
37.a4 Qb7 38.Rd2 Qe7 39.Rf2 Qa7 40.Rd2 Qc7 41.Ng3 Qb8 42.Qd4 c5 43.Qc3 Qd8
44.Kg1 Qf6 45.Bd5 Qf4 46.b3 Rf8 47.Re2 Qc1+ 48.Re1 Qg5 49.Be4 Bxe4 50.Nxe4 Qg6
51.Qg3 Qxg3 52.Nxg3 Rf4 53.Re4 Rf7 54.Re2 Nc6 55.Re6 Nd4 56.Rxd6 Nxc2 57.Rc6 Rb7
58.Rxc5 Nd4 59.Rxa5 Rxb3  1/2-1/2

[Event "Lost Boys Open"]
[Site "Amsterdam NED"]
[Date "2001.08.11"]
[Round "2"]
[White "Bezemer,A"]
[Black "Krnic,Z"]
[Result "1-0"]
[WhiteElo "2296"]
[BlackElo "2389"]

1.e4 c5 2.Nf3 Nc6 3.d4 cxd4 4.Nxd4 e6 5.Nc3 a6 6.Nxc6 bxc6 7.Bd3 d5 8.O-O Nf6
9.Re1 Bb7 10.b3 Be7 11.e5 Nd7 12.Qg4 g6 13.Na4 Qc7 14.Bb2 c5 15.c4 h5 16.Qe2 d4
17.Be4 Rb8 18.Bxb7 Rxb7 19.Bc1 h4 20.h3 Rh5 21.Bf4 Bf6 22.Qe4 Bxe5 23.Bxe5 Rxe5
24.Qxh4 Rh5 25.Qg4 Ke7 26.Nb2 Kf6 27.Nd3 Kg7 28.Rxe6 fxe6 29.Nf4 Re5 30.Qxg6+ Kf8
31.Qh7 Ke8 32.Ng6 Qd6 33.Qh8+ Kf7 34.Qh7+ Kf6 35.f4 Re3 36.Nh8 Nf8 37.Qxb7 Qe7
38.Qxe7+ Kxe7 39.h4 Kf6 40.h5 Kg7 41.Ng6 Nxg6 42.hxg6 Kxg6 43.Kf2 Kf5 44.Re1 Rxe1
45.Kxe1 a5 46.g3 Kg4 47.Kf2 d3 48.a3 d2 49.Ke2 Kxg3 50.b4 cxb4 51.axb4 a4
52.Kxd2 Kxf4 53.b5 Ke5 54.Kc3 Kd6 55.Kb4 e5 56.Kxa4  1-0

[Event "FSGM August"]
[Site "Budapest HUN"]
[Date "2001.08.11"]
[Round "8"]
[White "Dembo,Y"]
[Black "Medvegy,Z"]
[Result "1/2-1/2"]
[WhiteElo "2391"]
[BlackElo "2430"]

1.e4 c5 2.Nf3 e6 3.d4 cxd4 4.Nxd4 Nc6 5.Nc3 Qc7 6.Be3 a6 7.Bd3 Nf6 8.O-O Bd6
9.h3 Bh2+ 10.Kh1 Bf4 11.Bxf4 Qxf4 12.Nde2 Qc7 13.f4 d6 14.Qe1 O-O 15.Qh4 h6
16.Ng3 Qe7 17.Nh5 b5 18.Nxf6+ Qxf6 19.Qg3 Bb7 20.e5 dxe5 21.Ne4 Qg6 22.Qxg6 fxg6
23.Nc5 Ra7 24.Bxg6 Ne7 25.Bd3 Rxf4 26.Rxf4 exf4 27.Nxe6 g5 28.a4 b4 29.a5 Bc8
30.Nc5 Kf7 31.Ra4 Nc6 32.Be4 Rc7 33.Nd3 Nd4 34.Rxb4 Ne2 35.Bd5+ Kg7 36.Rc4 Rd7
37.Bf3 Ng3+ 38.Kg1 Bb7 39.Bxb7 Rxb7 40.h4 Kg6 41.hxg5 hxg5 42.Rc6+ Kf5 43.Rxa6 Rh7
44.Nf2 Re7 45.Nd3 Rh7  1/2-1/2

[Event "I American Continental"]
[Site "Cali COL"]
[Date "2001.08.11"]
[Round "2"]
[White "Cuartas,J"]
[Black "Bruzon,L"]
[Result "1/2-1/2"]
[WhiteElo "2362"]
[BlackElo "2573"]

1.e4 c5 2.Nf3 e6 3.d4 cxd4 4.Nxd4 Nc6 5.Nc3 Qc7 6.g3 a6 7.Bg2 d6 8.O-O Bd7
9.a4 Nxd4 10.Qxd4 Nf6 11.Bg5 Be7 12.Rfd1 Rc8 13.a5 h6 14.Be3 O-O 15.h3 Bc6
16.Qd2 Nd7 17.Qe2 Bf6 18.Bd4 Bxd4 19.Rxd4 b5 20.axb6 Qxb6 21.Qd2 Qxb2 22.Rxa6 Ne5
23.Ra2 Qb6 24.Ra1 Qc5 25.Na4 Qa7 26.Qb4 d5 27.Qb6 Qe7 28.Qc5 Qxc5 29.Nxc5 Bb5
30.Nb7 Bc6 31.Nc5 dxe4 32.Nxe4 Bd5 33.c3 Rc7 34.Rc1 Rb8 35.Nd2 Bxg2 36.Kxg2 Kf8
37.Nf3 Nd7 38.Rc2 Ke7 39.Rg4 Rbc8 40.h4 Nf6 41.Ra4 Nd5 42.Rg4 Rc4 43.Rxg7 Kf6
44.Rh7 Kg6 45.Rh8 Rxh8 46.Ne5+ Kg7 47.Nxc4 Rc8 48.Ne3 Rxc3 49.Rxc3 Nxc3 50.Kf3  1/2-1/2

[Event "I American Continental"]
[Site "Cali COL"]
[Date "2001.08.11"]
[Round "2"]
[White "Zarnicki,P"]
[Black "Sanchez,V"]
[Result "1-0"]
[WhiteElo "2487"]
[BlackElo "2287"]

1.e4 c5 2.Nf3 e6 3.d4 cxd4 4.Nxd4 Nc6 5.Nc3 Qc7 6.Be3 a6 7.Bd3 Nf6 8.O-O Ne5
9.f4 Neg4 10.Bd2 Bc5 11.Ne2 e5 12.fxe5 Qxe5 13.Bf4 Bxd4+ 14.Kh1 Qc5 15.Nxd4 Qxd4
16.e5 Nf2+ 17.Rxf2 Qxf2 18.Bg3 Ne4 19.Bxe4 Qe3 20.Bd5 O-O 21.Qh5 a5 22.Rf1 g6
23.Qd1 Qh6 24.Bf4 g5 25.Be3 d6 26.Qd2 dxe5 27.Bxg5 Qh5 28.Rf3 Ra6 29.Rg3 Rg6
30.Bf3 Bg4 31.Rxg4 e4 32.Be2 e3 33.Qxe3 f6 34.Bc4+  1-0

[Event "Kochan Mem Open"]
[Site "Koszalin POL"]
[Date "2001.08.11"]
[Round "7"]
[White "Czakon,J"]
[Black "Ferenc,Ja"]
[Result "1-0"]
[WhiteElo "2118"]
[BlackElo "2155"]

1.e4 c5 2.Nf3 e6 3.d4 cxd4 4.Nxd4 Nc6 5.Nc3 a6 6.Be3 d6 7.f3 Nf6 8.Qd2 Be7
9.O-O-O O-O 10.g4 Nxd4 11.Bxd4 e5 12.Be3 Be6 13.h4 Rc8 14.h5 b5 15.g5 b4
16.Ne2 Nd7 17.Kb1 Qa5 18.Nc1 Qc7 19.g6 a5 20.Bd3 Nc5 21.h6 fxg6 22.hxg7 Rxf3
23.Bxc5 dxc5 24.Qh6 Kf7 25.Rdf1 Rxf1 26.Rxf1+ Bf6 27.Qxh7 Rg8 28.Be2 Rxg7
29.Qh4 Qe7 30.Nd3 Bf5 31.Qh2 Bxe4 32.Nxe5+ Ke6 33.Bc4+ Bd5 34.Re1 Bh4 35.Bxd5+ Kxd5
36.Qd2+ Ke6 37.Nxg6+  1-0

[Event "7th Stage Russian Cup"]
[Site "Togliatty RUS"]
[Date "2001.08.11"]
[Round "4"]
[White "Riabtsev,K"]
[Black "Murzin,L"]
[Result "1-0"]
[WhiteElo "2212"]
[BlackElo "2403"]

1.e4 c5 2.Nf3 e6 3.d4 cxd4 4.Nxd4 Nc6 5.Nc3 Qc7 6.Be3 a6 7.Bd3 Nf6 8.O-O Ne5
9.h3 Bc5 10.Kh1 d6 11.f4 Ng6 12.Qe1 h5 13.Nxe6 Bxe6 14.f5 Ne5 15.fxe6 fxe6
16.Bg5 O-O-O 17.Rxf6 gxf6 18.Bxf6 Ng4 19.Bxh8 Rxh8 20.g3 Bf2 21.Qe2 d5 22.Qf3 Bxg3
23.Kg2 Be1 24.Rxe1 Qh2+ 25.Kf1 d4 26.hxg4 hxg4 27.Qf2 Qe5 28.Ne2 Rh1+ 29.Ng1 Rh2
30.Qf8+ Kd7 31.Re2 g3 32.Qf7+ Kc6 33.Nf3 Qh8 34.Qxe6+ Kc7 35.Qe5+  1-0

[Event "Lost Boys Open"]
[Site "Amsterdam NED"]
[Date "2001.08.12"]
[Round "3"]
[White "Van den Doel,E"]
[Black "Handke,F"]
[Result "1/2-1/2"]
[WhiteElo "2607"]
[BlackElo "2384"]

1.e4 c5 2.Nf3 e6 3.d4 cxd4 4.Nxd4 Nc6 5.Nc3 Qc7 6.Be2 a6 7.O-O Nf6 8.Kh1 Nxd4
9.Qxd4 Bc5 10.Qd3 b5 11.Bg5 Bb7 12.f4 Bb4 13.Bxf6 gxf6 14.a4 Bxc3 15.bxc3 bxa4
16.Rxa4 Rc8 17.Rd1 d5 18.Rb4 dxe4 19.Qd4 e3 20.Qxe3 Rg8 21.Bf3 Bxf3 22.Qxf3 Kf8
23.f5 exf5 24.Qxf5 Qxc3 25.Rf4 Rg6 26.Rf2 Kg7 27.Qe4 a5 28.Rd3 Rc5 29.Qe2 Qb2
30.h3 a4 31.c3 Qb3 32.Qa2 Qb5 33.Re3 Rd5 34.Re1 Rd3 35.Qe2 Qd5 36.Qe4 Qd7
37.c4 Rd4 38.Qc2 Qc6 39.Rc1 Qc5 40.Qxa4 Rxc4 41.Qxc4 Qxf2 42.Qf1 Qg3 43.Qe2 Rg5
44.Rf1 Qe5 45.Qf3 h6  1/2-1/2

[Event "FSGM August"]
[Site "Budapest HUN"]
[Date "2001.08.12"]
[Round "9"]
[White "Medvegy,Z"]
[Black "Varga,Zo"]
[Result "1-0"]
[WhiteElo "2430"]
[BlackElo "2518"]

1.e4 c5 2.Nf3 e6 3.d4 cxd4 4.Nxd4 Nc6 5.Nc3 Qc7 6.f4 a6 7.Nxc6 bxc6 8.e5 f6
9.Bd3 g6 10.O-O Bg7 11.Ne4 f5 12.Nd6+ Kf8 13.Be3 Ne7 14.Bc5 Kg8 15.g4 Qa5
16.b4 Qd8 17.gxf5 gxf5 18.Qh5 Ng6 19.Nxf5 d5 20.exd6 Bxa1 21.Rxa1 exf5 22.Bc4+ Kg7
23.Bd4+ Qf6 24.Bxf6+ Kxf6 25.Qg5+ Kg7 26.h4 h6 27.Qg3 h5 28.Kh2 Bd7 29.Rg1 Rh6
30.Re1 Re8 31.Qc3+ Kh7 32.Rxe8 Bxe8 33.Qf6  1-0

[Event "I American Continental"]
[Site "Cali COL"]
[Date "2001.08.12"]
[Round "3"]
[White "Rodriguez,And URU"]
[Black "Vasquez Ramirez,R"]
[Result "1-0"]
[WhiteElo "2504"]
[BlackElo "2231"]

1.e4 c5 2.Nf3 e6 3.d4 cxd4 4.Nxd4 Nc6 5.Nc3 Qc7 6.g3 a6 7.Bg2 Nf6 8.O-O Nxd4
9.Qxd4 Bc5 10.Bf4 d6 11.Qd3 Ng4 12.Na4 e5 13.Bd2 Bd4 14.c4 Bd7 15.Nc3 Rc8
16.h3 Nf6 17.b3 b5 18.cxb5 Bxc3 19.Rfc1 Bxb5 20.Qxc3 Qxc3 21.Bxc3 Ke7 22.Bb4 Rc6
23.f4 Kd7 24.Rd1 a5 25.Bxa5 Re8 26.Bb4 Nh5 27.Rd5 Be2 28.Kf2 exf4 29.Kxe2 Nxg3+
30.Kd3 f5 31.e5  1-0

[Event "I American Continental"]
[Site "Cali COL"]
[Date "2001.08.12"]
[Round "3"]
[White "Abreu,A"]
[Black "Vescovi,G"]
[Result "1/2-1/2"]
[WhiteElo "2488"]
[BlackElo "2581"]

1.e4 c5 2.Nf3 e6 3.d4 cxd4 4.Nxd4 Nc6 5.Nc3 Qc7 6.f4 Nxd4 7.Qxd4 a6 8.Be2 b5
9.Be3 Bb7 10.O-O-O Rc8 11.Rd2 Nf6 12.Bf3 Bc5 13.Qxc5 Qxc5 14.Bxc5 Rxc5 15.Re1 Bc6
16.Nd5 a5 17.Nb6 Kd8 18.e5 Kc7 19.Bxc6 dxc6 20.exf6 Kxb6 21.Rd7 gxf6 22.Rxf7 Rg8
23.g3 Rh5 24.Re2 Rg6 25.Rxe6 Rxh2 26.Rfxf6 Rh1+ 27.Kd2 Rh2+ 28.Kd1 Rg2 29.Rxc6+ Kb7
30.Rb6+  1/2-1/2

[Event "TCh-Rep. Srpska"]
[Site "Jahorina BIH"]
[Date "2001.08.12"]
[Round "2"]
[White "Pikula,D"]
[Black "Zegarac,B"]
[Result "1-0"]
[WhiteElo "2458"]
[BlackElo "2269"]

1.e4 c5 2.Nf3 Nc6 3.d4 cxd4 4.Nxd4 e6 5.Nc3 Qc7 6.Be3 a6 7.Qd2 Nf6 8.f3 b5
9.O-O-O b4 10.Na4 Bb7 11.g4 Be7 12.g5 Nh5 13.Nb3 Ne5 14.Nac5 Bc6 15.Be2 a5
16.Kb1 d6 17.Na6 Qd8 18.f4 Nd7 19.Bxh5 Rxa6 20.Nd4 O-O 21.Be2 Rb6 22.Nxc6 Rxc6
23.h4 Nc5 24.Qd4 Qb8 25.Bc1 a4 26.b3 Rfc8 27.f5 axb3 28.cxb3 Bf8 29.h5 R8c7
30.h6 e5 31.Qd5 g6 32.Rhf1 Qe8 33.Bb5 Nxe4 34.Qxe4 Rxc1+ 35.Rxc1 Rxc1+ 36.Rxc1 Qxb5
37.f6 Qd7 38.Ka1 Qh3 39.Qa8  1-0

[Event "TCh-Rep. Srpska"]
[Site "Jahorina BIH"]
[Date "2001.08.12"]
[Round "2"]
[White "Sibarevic,M"]
[Black "Mihaljcic,K"]
[Result "1-0"]
[WhiteElo "2328"]
[BlackElo "2059"]

1.e4 c5 2.Nf3 Nc6 3.d4 cxd4 4.Nxd4 e6 5.Nc3 a6 6.Be3 Qc7 7.f4 b5 8.Nxc6 Qxc6
9.Be2 Bb7 10.Bf3 Qc7 11.O-O Rc8 12.Rf2 d6 13.a4 bxa4 14.Rxa4 Nf6 15.e5 dxe5
16.Bxb7 Qxb7 17.fxe5 Nd7 18.Qh5 g6 19.Qg5 Be7 20.Qf4 Rf8 21.Bd4 Nb8 22.Ne4 Qb5
23.Bc3 Nd7 24.Nd6+ Bxd6 25.exd6 f6 26.Qe3 Kf7 27.Rh4 h5 28.Qa7 f5 29.Re4 Qc6
30.Rc4 Qb5 31.Rc7 Rfd8 32.Qd4 e5 33.Qh4 Re8 34.Rxc8 Rxc8 35.Qe7+ Kg8 36.h3 Rf8
37.Qe6+ Kg7 38.Rd2 Rf6 39.Qe7+ Rf7 40.Qg5 Rf6  1-0

[Event "Kochan Mem Open"]
[Site "Koszalin POL"]
[Date "2001.08.12"]
[Round "8"]
[White "Moniszka,K"]
[Black "Ferenc,Ja"]
[Result "1/2-1/2"]
[WhiteElo "2104"]
[BlackElo "2155"]

1.e4 c5 2.Nf3 e6 3.Nc3 Nc6 4.d4 cxd4 5.Nxd4 a6 6.Be2 d6 7.O-O Nf6 8.Kh1 Be7
9.f4 O-O 10.Bf3 Qc7 11.g4 Re8 12.f5 Nxd4 13.Qxd4 Nd7 14.g5 Ne5 15.Bg2 b5
16.fxe6 Bxe6 17.Bf4 Rac8 18.Nd5 Bxd5 19.Qxd5 Qc4 20.Qb7 Qc6 21.Qxc6 Rxc6
22.c3 Rc4 23.Rad1 Bf8 24.Rd4 Rc5 25.h4  1/2-1/2